L'appello civile in diritto romano
Сохранить в:
| Главный автор: | |
|---|---|
| Формат: | |
| Язык: | итальянский |
| Опубликовано: |
Turín
G. Giappicheli
1966
|
| Серии: | Corsi Universitari
|
| Предметы: | |
| Метки: |
Добавить метку
Нет меток, Требуется 1-ая метка записи!
|
MARC
| LEADER | 00000nam a2200000 a 4500 | ||
|---|---|---|---|
| 001 | UCR0955 | ||
| 003 | CL-VaPUC | ||
| 008 | 971205e19660000IT |||||||||||||||||ita|d | ||
| 082 | 0 | 4 | |a 340.54 |b ORE |2 21 |
| 100 | |a Orestano, Riccardo |e autore |9 395812 | ||
| 245 | 1 | 2 | |a L'appello civile in diritto romano |
| 300 | |a 452 p | ||
| 942 | |c BK | ||
| 945 | |d 19971205 00:00:00 |a aolguin | ||
| 260 | |a Turín |b G. Giappicheli |c 1966 | ||
| 650 | 0 | |a Derecho romano |9 255930 | |
| 650 | 0 | |a Derecho civil |9 255013 | |
| 650 | 0 | |a Apelación |9 296855 | |
| 650 | 0 | |a Historia |9 255047 | |
| 583 | |a last modification |c 19971205 00:00:00 |k Rodrigo Vera | ||
| 490 | 0 | |a Corsi Universitari | |
| 999 | |c 264452 |d 264450 | ||
| 952 | |0 0 |1 0 |4 0 |6 340_540000000000000_ORE_1966 |7 0 |8 DER_ROM |9 294729 |a BIBDER |b BIBDER |d 2019-11-19 |i 1909169 |o 340.54 ORE 1966 |p 1909169 |r 2023-01-25 |w 2019-11-19 |x Ubicación 4to piso |y BK |z Este recurso debe solicitarse con anticipación |k DER | ||